000
00296 a2200109 4500
001
ART_18425
005
20260410161702.0
008
260409a
245
1
0
_a
Deducciones para todos.
100
1
_a
García, Fernando
773
0
_t
Revista Impuestos
_g
- Nº 4 (abr. 2012)
_w
REV639
999
_c
15230
_d
15230